عرض عادي
عرض مارك
مدخل Personal Name
001 - CONTROL NUMBER
- control field: 9312
003 - CONTROL NUMBER IDENTIFIER
- control field: DLC
005 - DATE AND TIME OF LATEST TRANSACTION
- control field: 20250825115946.0
008 - FIXED-LENGTH DATA ELEMENTS
- fixed length control field: 790206n| azannaabn |b aaa
010 ## - LIBRARY OF CONGRESS CONTROL NUMBER
- LC control number: n 79012295
- Canceled/invalid LC control number: n 79012294
035 ## - SYSTEM CONTROL NUMBER
- System control number: (OCoLC)oca00246346
040 ## - CATALOGING SOURCE
- Original cataloging agency: DLC
- Language of cataloging: eng
- Description conventions: rda
- Transcribing agency: DLC
- Modifying agency: NjP
- Modifying agency: DLC
- Modifying agency: NjP
- Modifying agency: OCoLC
- Modifying agency: DLC
046 ## - SPECIAL CODED DATES
- Birth date: 1885
100 1# - HEADING--PERSONAL NAME
- Personal name: المهدى، عبد الرحمن،
- Dates associated with a name: 1885-
400 1# - SEE FROM TRACING--PERSONAL NAME
- Personal name: Al Mahdi, Abd el Rahman,
- Dates associated with a name: 1885-
400 1# - SEE FROM TRACING--PERSONAL NAME
- Control subfield: nnea
- Personal name: Mahdī, ʻAbd al-Raḥmān,
- Dates associated with a name: b. 1885
400 1# - SEE FROM TRACING--PERSONAL NAME
- Personal name: مهدي، عبد الرحمن
500 ## - SEE ALSO FROM TRACING--PERSONAL NAME
- Personal name: Mahdī, ʻAbd al-Raḥmān,
- Dates associated with a name: 1885-
670 ## - SOURCE DATA FOUND
- Source citation: Jihād fī sabīl al-istiqlāl, 1965? (a.e.)
- Information found: p. 4, 1st group, etc. (ʻAbd al-Raḥmān al-Mahdī; b. 6/15/1885)
670 ## - SOURCE DATA FOUND
- Source citation: Sayed Abd el Rahman al Mahdi, 1986:
- Information found: cover p. 2 (d. March 1959)
670 ## - SOURCE DATA FOUND
- Source citation: Jihād fī sabīl al-dīmuqrātīyah, 1965?:
- Information found: p. 3, 1st group, etc. (al-Saddīq ʻAbd al-Raḥmān; al-Imām ʻAbd al-Raḥmān; al-Saddīq ʻAbd al-Raḥmān al-Mahdī; b. 1885; d. Uktūbir 1961)
670 ## - SOURCE DATA FOUND
- Source citation: LC manual auth. cd.
- Information found: (hdg.: al-Mahdī, ʻAbd al-Raḥmān, b. 1885)
700 ## - ESTABLISHED HEADING LINKING ENTRY--PERSONAL NAME
- Personal name: Mahdī, ʻAbd al-Raḥmān,
- Dates associated with a name: 1885-